| 000 | 00755nam a2200277 a 4500 | ||
|---|---|---|---|
| 005 | 20210219153302.0 | ||
| 008 | 991125n 000 0 spa u | ||
| 035 | _aUPN01000088518 | ||
| 100 | 1 | _aSabucedo Cameselle, José Manuel | |
| 222 | _aREVISTA LATINOAMERICANA DE PSICOLOGIA | ||
| 245 | _aMovilización social contra la violencia política : sus determinantes | ||
| 260 | _aBogotá, Colombia | ||
| 300 | _a345-359 | ||
| 362 | 0 | _a2000 Vol. 32, no.2 | |
| 653 | 0 | _aESPAÑA | |
| 653 | 0 | _aETA | |
| 653 | 0 | _aPARTICIPACION CIUDADANA | |
| 653 | 0 | _aPOLITICA | |
| 653 | 0 | _aVIOLENCIA | |
| 700 | 1 | _aRodríguez, M., | |
| 700 | 1 | _ecoaut. | |
| 700 | 1 | _aLópez López, Wilson, | |
| 700 | 1 | _ecoaut. | |
| 904 |
_aAC _b026329 |
||
| 905 | _aArticulo | ||
| 999 |
_c73060 _d73060 |
||